[Event "Pavlodar op"]
[Site "Pavlodar"]
[Date "2013.12.19"]
[Round "10"]
[White "Sivirin, Viktor"]
[Black "Zhandildinov, Arnur"]
[Result "1/2-1/2"]
[WhiteElo "2049"]
[BlackElo "1853"]
[PlyCount "125"]
[EventDate "2013.12.10"]
[EventType "swiss"]
[EventRounds "10"]
[EventCountry "KAZ"]
[SourceTitle "CBM 158 Extra"]
[Source "ChessBase"]
[SourceDate "2014.02.28"]
[SourceVersion "1"]
[SourceVersionDate "2014.02.28"]
[SourceQuality "1"]

1. Nf3 Nf6 2. g3 b6 3. Bg2 Bb7 4. 0-0 e6 5. b3 Be7 6. Bb2 c5 7. d3 d5 8. Nbd2 0-0 9. Re1 Nbd7 10. e4 dxe4 11. dxe4 Qc7 12. Qe2 Rfd8 13. Rad1 Nf8 14. a3 Ng6 15. h4 h6 16. e5 Ne8 17. h5 Nf8 18. c4 Nh7 19. Bc3 Rd7 20. b4 cxb4 21. Bxb4 Rc8 22. Rc1 Qd8 23. Ne4 Bxe4 24. Qxe4 Ng5 25. Nxg5 Bxg5 26. f4 Be7 27. f5 Rd4 28. Qe2 Bc5 29. Bxc5 Rxc5 30. fxe6 fxe6 31. Rf1 Rd3 32. Kh2 Qd4 33. Rf4 Qe3 34. Qxe3 Rxe3 35. Rd1 Rc8 36. Bh3 Rxe5 37. Rd7 Nf6 38. Rxa7 Rxh5 39. Rb7 Rd8 40. Rh4 Rxh4 41. gxh4 Rd6 42. Re7 Kf8 43. Rxe6 Rxe6 44. Bxe6 Ke7 45. Bf5 g5 46. hxg5 hxg5 47. Kg3 Kd6 48. Kf3 Ke5 49. Bc8 Kd4 50. Ba6 Ne4 51. Kg4 Kc5 52. Kf5 Kd4 53. Kg4 Kc3 54. Bb7 Nd6 55. Bd5 Nxc4 56. Kxg5 Nxa3 57. Bc6 Kd4 58. Kf4 Nc2 59. Kf3 Nb4 60. Be8 Kd3 61. Bb5+ Kd2 62. Be8 Nd5 63. Bc6 1/2-1/2